Diccionario oncológico gramatical (Record no. 187003)

MARC details
000 -LEADER
campo de control de longitud fija 00745nam a2200217 i 4500
001 - NÚMERO DE CONTROL
campo de control 187003
003 - IDENTIFICADOR DE NÚMERO DE CONTROL
campo de control SpMaBN
005 - FECHA Y HORA DE LA ÚLTIMA TRANSACCIÓN
campo de control 20240526062942.0
008 - DATOS DE LONGITUD FIJA--INFORMACIÓN GENERAL
campo de control de longitud fija 170327s1994 sp d |||| | spa d
020 ## - NÚMERO INTERNACIONAL ESTÁNDAR DEL LIBRO
Número Internacional Estándar del Libro 84-87748-53-8
080 ## - NÚMERO DE LA CLASIFICACIÓN DECIMAL UNIVERSAL
Número de la Clasificación Decimal Universal 616-006(038)
100 0# - ENTRADA PRINCIPAL--NOMBRE DE PERSONA
Nombre de persona Duque Amusco, Alejandro,
Fechas asociadas al nombre 1949-
9 (RLIN) 46152
245 10 - MENCIÓN DEL TÍTULO
Título Diccionario oncológico gramatical
Resto del título : (con apéndice de términos médicos inusuales) /
Mención de responsabilidad, etc. A. Duque Amusco, A. Ordóñez Gallego.
260 ## - PUBLICACIÓN, DISTRIBUCIÓN, ETC.
Lugar de publicación, distribución, etc. Madrid :
Nombre del editor, distribuidor, etc. ELA,
Fecha de publicación, distribución, etc. [1994]
300 ## - DESCRIPCIÓN FÍSICA
Extensión XXXI, 243 p. ;
Dimensiones 25 cm.
504 ## - NOTA DE BIBLIOGRAFÍA, ETC.
Nota de bibliografía, etc. Bibliografía: p. VII.
650 #7 - PUNTO DE ACCESO ADICIONAL DE MATERIA--TÉRMINO DE MATERIA
Término de materia o nombre geográfico como elemento de entrada Oncología-
Subdivisión de forma Diccionarios.
9 (RLIN) 162191
700 1# - ENTRADA AGREGADA--NOMBRE PERSONAL
Nombre de persona Ordóñez Gallego, A.
9 (RLIN) 162192
852 ## - LOCALIZACIÓN
Ubicación ES-MaACL
Número de control de estantería L-31322
Nota libre - enc. guaflex
Holdings
Estatus retirado Estado de pérdida Estado de daño No para préstamo Colección Biblioteca de origen Biblioteca actual Ubicación en estantería Fecha de adquisición Fuente de adquisición Total de préstamos Signatura topográfica completa Código de barras Visto por última vez Precio de reemplazo Tipo de ítem Koha
        Colección de referencia Biblioteca del Ateneo de Madrid Biblioteca del Ateneo de Madrid Depósito 2 27/03/2017     L-31322 1197285 23/02/2023 23/02/2023 Libro impreso